Robert Taylor v Peter Jones & Anor (Record no. 121816)
[ view plain ]
| 000 -LEADER | |
|---|---|
| fixed length control field | 01025nab a22001935a 4500 |
| 005 - DATE AND TIME OF LATEST TRANSACTION | |
| control field | 20240301145859.0 |
| 007 - PHYSICAL DESCRIPTION FIXED FIELD--GENERAL INFORMATION | |
| fixed length control field | cu || ||||n |
| 008 - FIXED-LENGTH DATA ELEMENTS--GENERAL INFORMATION | |
| fixed length control field | 240301t2024 xxk f | o000 0 eng | |
| 041 0# - LANGUAGE CODE | |
| Language code of text/sound track or separate title | eng |
| 245 00 - TITLE STATEMENT | |
| Title | Robert Taylor v Peter Jones & Anor |
| Medium | [electronic resource] |
| 520 ## - SUMMARY, ETC. | |
| Summary, etc. | [2024] EWCA Civ 170, 28 February 2024. A building owner who had caused damage to the internal walls and floor slabs of two adjoining properties was not liable to compensate the adjoining owners for a longstanding defect to their external wall. His works had brought the defect to light, which made it necessary for them to do something about it, but it was not caused by him or his works, and the Party Wall etc. Act 1996 did not require him to pay for remedying it. |
| 650 0# - SUBJECT ADDED ENTRY--TOPICAL TERM | |
| Topical term or geographic name entry element | PARTY WALL ETC ACT 1996 |
| 650 0# - SUBJECT ADDED ENTRY--TOPICAL TERM | |
| Topical term or geographic name entry element | PARTY WALLS |
| 650 0# - SUBJECT ADDED ENTRY--TOPICAL TERM | |
| Topical term or geographic name entry element | DAMAGES |
| 651 #4 - SUBJECT ADDED ENTRY--GEOGRAPHIC NAME | |
| Geographic name | United Kingdom |
| 690 ## - LOCAL SUBJECT ADDED ENTRY--TOPICAL TERM (OCLC, RLIN) | |
| Topical term or geographic name as entry element | Party walls |
| 9 (RLIN) | 6258 |
| 856 40 - ELECTRONIC LOCATION AND ACCESS | |
| Uniform Resource Identifier | <a href="https://caselaw.nationalarchives.gov.uk/ewca/civ/2024/170">https://caselaw.nationalarchives.gov.uk/ewca/civ/2024/170</a> |
| Public note | Available on caselaw archives |
| 942 ## - ADDED ENTRY ELEMENTS (KOHA) | |
| Suppress in OPAC | 0 |
| Source of classification or shelving scheme | Dewey Decimal Classification |
| Withdrawn status | Lost status | Damaged status | Not for loan | Home library | Current library | Shelving location | Date acquired | Total Checkouts | Full call number | Date last seen | Price effective from | Koha item type |
|---|---|---|---|---|---|---|---|---|---|---|---|---|
| Virtual | Virtual | Online | 01/03/2024 | ONLINE JUDGMENT | 01/03/2024 | 01/03/2024 | Law report |